02770cam a2200241 a 450000500170000000800410001701000160005802000180007403500570009204000500014904100080019910000260020724501030023326000810033630000250041749000450044250506660048752012800115365000340243365000170246765000160248470000280250020170901112853.0170901s2008 xxu r s001 0 eng  a 2008000082 a9780816650675 a(OCoLC)191023943z(OCoLC)351318497z(OCoLC)779892738 aCO-BoUCMbspacSandra PalaciodSandra Palacio0 aeng1 aHagedorn, Johnd1947-12aA world of gangsbarmed young men and gangsta culturecJohn M. Hagedorn ; prólogo por Mike Davis aMinneapolis (Minessota, Estados Unidos)bUniversity of Minnesota Pressc2008 axxxii, 198 páginas0 aGlobalization and community seriesvV.140 aReading John Hagedorn / Mike Davis -- Introduction. Why are gangs everywhere? -- Ghetto, favela, and township : the worlds gangs live in -- Street institutions : why some gangs won't go away -- The problem with definitions : the questionable uniqueness of gangs -- From Chicago to Mumbai : touring the world of gangs -- No way out : demoralization, racism, and resistance identity -- A tale of two gangs : the Hamburgs and the Conservative Vice Lords -- Reconsidering culture : race, rap, and resistance -- Street wars : hip-hop and the rise of gangsta culture -- Contested cities : gentrification and the ghetto -- Conclusion. A rose in the cracks of concrete. aFor the more than a billion people who now live in urban slums, gangs are ubiquitous features of daily life. Though still most closely associated with American cities, gangs are an entrenched, worldwide phenomenon that play a significant role in a wide range of activities, from drug dealing to extortion to religious and political violence. In A World of Gangs, John Hagedorn explores this international proliferation of the urban gang as a consequence of the ravages of globalization. Looking closely at gang formation in three world cities--Chicago, Rio de Janeiro, and Capetown--he discovers that some gangs have institutionalized as a strategy to confront a hopeless cycle of poverty, racism, and oppression. In particular, Hagedorn reveals, the nihilistic appeal of gangsta rap and its street ethic of survival "by any means necessary" provides vital insights into the ideology and persistence of gangs around the world. This groundbreaking work concludes on a hopeful note. Proposing ways in which gangs might be encouraged to overcome their violent tendencies, Hagedorn appeals to community leaders to use the urgency, outrage, and resistance common to both gang life and hip-hop in order to bring gangs into broader movements for social justice.--From the publisher.17aPandillas xAspectos sociales27aDelincuencia27aCriminales  aDavis, Mike eprólogo